| 000 | 02105cam a22005654i 4500 | ||
|---|---|---|---|
| 003 | PE-LiUPU | ||
| 005 | 20250731180105.0 | ||
| 008 | 150617s1991 mx a r 000 0 spa d | ||
| 020 | _a0070088926 | ||
| 020 | _a9780070088924 | ||
| 035 | _a(Sirsi) i9780070088924 | ||
| 040 |
_aPE-LiUPU _bspa _cPE-LiUPU _erda |
||
| 049 | _aPRUA | ||
| 082 | 0 | 4 |
_a530 _bB88 _221 |
| 100 | 1 |
_aBueche, Frederick J., _eautor. |
|
| 245 | 1 | 0 |
_aFundamentos de Física / _cFrederick J. Bueche. |
| 250 | _a3a edición. | ||
| 264 | 1 |
_aMéxico : _bXalco, _c1991. |
|
| 300 |
_a547 páginas : _bilustraciones ; _c23 centímetros |
||
| 336 |
_atext _2rdacontent |
||
| 337 |
_aunmediated _2rdamedia |
||
| 338 |
_avolume _2rdacarrier |
||
| 505 | 0 | _aFuerzas y campos eléctricos -- Potencial eléctrico -- Circuitos de corriente directa -- Magnetismo -- Inducción electromecánica -- Corrientes alternas -- Ondas electromagnéticas -- Propiedades de luz -- Dispositivos ópticos -- Interferencia y difracción -- Tres conceptos revolucionarios -- Niveles de energía y espectros -- El núcleo atómico -- Física del universo y del microcosmos. | |
| 526 | _aSEG44 | ||
| 526 | _aSEG26 | ||
| 526 | _aP159 | ||
| 526 | _aP155 | ||
| 526 | _aP154 | ||
| 526 | _aP153 | ||
| 526 | _aP150 | ||
| 526 | _aP100 | ||
| 526 | _aP31 | ||
| 526 | _aP30 | ||
| 526 | _aP26 | ||
| 526 | _aP25 | ||
| 526 | _aP24 | ||
| 526 | _aP22 | ||
| 526 | _aP15 | ||
| 526 | _aP10 | ||
| 650 | 0 | 4 | _aFísica. |
| 700 | 1 |
_aAlatorre Miguel, Efrén, _etraductor. |
|
| 910 |
_ajck _bjvq _cjck _d20150616 |
||
| 910 |
_bksl _cksl _d20190430 |
||
| 942 |
_2ddc _cBOOK |
||
| 949 |
_a530 B88 2 _wDEWEY _c1 _i35284 _lCCODEBUL1 _mBUL _r0 _sY _tBOOK _u2015-4-22 _xEDUCACION _zUNKNOWN _0COMPRA _o.STAFF. Colección Ciencias Humanas y Educación |
||
| 994 |
_aC0 _bPEPRU |
||
| 596 | _a1 | ||
| 999 |
_a530 B88 2 _wDEWEY _c19300 _i35284 _d19300 _f2021-11-5 _g6 _lCCODEBUL1 _mBUL _p38.00 _q1 _r0 _sY _tBOOK _u2015-4-22 _xBIBLIOTECA _zUNKNOWN _0COMPRA _o.STAFF. Colección Ciencias Humanas y Educación |
||
| 980 |
_81 _gALBERTO SANCHEZ Responsable de Automatización |
||